Introduction to marine phytoplankton / (Record no. 4260)

MARC details
000 -LEADER
fixed length control field 00796nam a22002657a 4500
001 - CONTROL NUMBER
control field BD-DhSAU 4260
003 - CONTROL NUMBER IDENTIFIER
control field BD-DhSAU
005 - DATE AND TIME OF LATEST TRANSACTION
control field 20150301102723.0
008 - FIXED-LENGTH DATA ELEMENTS--GENERAL INFORMATION
fixed length control field 150215b2006 ii a||||r|||| 000 0 eng d
020 ## - INTERNATIONAL STANDARD BOOK NUMBER
International Standard Book Number 8185375135
040 ## - CATALOGING SOURCE
Original cataloging agency BD-DhSAU
082 ## - DEWEY DECIMAL CLASSIFICATION NUMBER
Edition number 22
Classification number 578.776
Item number M6972
100 ## - MAIN ENTRY--PERSONAL NAME
Personal name Mitra, Abhijit.
245 ## - TITLE STATEMENT
Title Introduction to marine phytoplankton /
Statement of responsibility, etc. Abhijit Mitra, Kakoli Banerjee and D.P. Bhattacharyya.
260 ## - PUBLICATION, DISTRIBUTION, ETC. (IMPRINT)
Place of publication, distribution, etc. Delhi :
Name of publisher, distributor, etc. Narendra Publishing House,
Date of publication, distribution, etc. c2006
300 ## - PHYSICAL DESCRIPTION
Extent x, 138 p. :
Other physical details ill. ;
Dimensions 22 cm.
500 ## - GENERAL NOTE
General note New arrival 2014
504 ## - BIBLIOGRAPHY, ETC. NOTE
Bibliography, etc Includes bibliographical references.
590 ## - Name of Cataloguer
Name of Cataloger joy
650 ## - SUBJECT ADDED ENTRY--TOPICAL TERM
Topical term or geographic name as entry element Marine phytoplankton.
650 ## - SUBJECT ADDED ENTRY--TOPICAL TERM
Topical term or geographic name as entry element Marine productivity.
650 ## - SUBJECT ADDED ENTRY--TOPICAL TERM
Topical term or geographic name as entry element Phytoplankton.
700 ## - ADDED ENTRY--PERSONAL NAME
Personal name Banerjee, Kakoli
700 ## - ADDED ENTRY--PERSONAL NAME
Personal name Bhattacharyya, D.P.
942 ## - ADDED ENTRY ELEMENTS (KOHA)
Source of classification or shelving scheme Dewey Decimal Classification
Koha item type Book
Holdings
Withdrawn status Lost status Source of classification or shelving scheme Damaged status Not for loan Collection code Home library Branch Name Shelving location Date acquired Total Checkouts Full call number Barcode Date last seen Price effective from Koha item type
    Dewey Decimal Classification   Not For Loan Reference SAU Library SAU Library Reference 26/06/2014   578.776 M6972 38284 15/02/2015 15/02/2015 Book